| 000 | 00422cam a2200181ua 4500 | ||
|---|---|---|---|
| 020 | _c1.50 | ||
| 041 |
_amal _h |
||
| 082 |
_a894.8121 _bKOC/BH |
||
| 100 | _aKochunni, Thamburan . | ||
| 245 |
_aBhadrolpathi / _cKochunni Thamburan. _hTextual Documents |
||
| 250 |
_a2 / _b. |
||
| 260 |
_a : _bKerala book house , _c1961. |
||
| 300 | _a ; . | ||
| 365 | _a1.50 | ||
| 504 | _a | ||
| 942 | _cBK | ||
| 999 |
_c862 _d862 |
||